000 00455nam a2200169Ia 4500
003 LK-CoDNM
008 010623t xxu||||| |||| 00| 1 sin d
040 _aLK-CoDNM
_dLK-CoDNM
_eLK-CoDNM
041 _asin
080 _a294.3 (SUT) GNA
100 _aGnanananda Thero,Meerigama Kadangamuwe.
245 _aසබ්බා සව සුත්‍රය
246 _aSabbha Sava Sutraya
260 _b
_aKuliyapitiya
300 _b20p., 22 cm
942 _cBK
999 _c141577
_d141577